Personnalités nées dans les Alpes-de-Haute-Provence par images - Statistiques

Statistiques générales
  • Ce quiz a été pris 48 fois
  • Le résultat moyen est 2 sur 9
Statistiques - réponses
Par images Réponse % Correct
Cyril Féraud
86%
Jean Giono
30%
Bernard Lions
25%
Alain Boghossian
23%
Grégory Montel
11%
Carole Merle
7%
Hafsia Herzi
7%
Jean Itard
2%
Pierre Bottero
2%
Aucun quiz correspondant
Distribution des résultats
% des personnes avec chaque résultat
Percentile par nombre de réponses
Votre historique - résultats
Vous n’avez pas pris ce quiz